| 000 | 00424cam a2200181ua 4500 | ||
|---|---|---|---|
| 001 | 5406 | ||
| 008 | 150213n ii |||gr||||Z||||||eng | ||
| 040 | _cMAIN | ||
| 041 | _aeng | ||
| 082 | _a823 | ||
| 100 |
_aOrwell, George, _eAuthor, |
||
| 245 |
_aAnimal farm _cby George Orwell |
||
| 250 | _a1st. | ||
| 260 |
_aLudhiana: _bKalyani Publishers, _c1997. |
||
| 300 |
_a136p: _c15cm. |
||
| 653 | _aEnglish fiction | ||
| 942 | _cBK | ||
| 999 |
_c4587 _d4587 |
||